Geografía de américa /
Guardado en:
| Autor Principal: | |
|---|---|
| Otros Autores: | , |
| Formato: | Libro |
| Publicado: |
Buenos Aires :
Kapelusz,
2003
|
| Series: | Espacios y Sociedades. Geografía
|
| Materias: | |
| Etiquetas: |
Agregar Etiqueta
Sin Etiquetas, Sea el primero en etiquetar este registro!
|
| LEADER | 00990nam a22002415a 4500 | ||
|---|---|---|---|
| 001 | CEM.cems011391 | ||
| 005 | 20080225170602.0 | ||
| 008 | 130507s2003##################000#0#####d | ||
| 003 | CEMS | ||
| 020 | |a 9501309312 | ||
| 082 | 0 | 4 | |a Z918 |
| 100 | 1 | |a Bertone de Daguerre, Celia V. | |
| 245 | 1 | 0 | |a Geografía de américa / |c Albina L. Lara, Susana María Sassone, Celia V. Bertone de Daguerre |
| 260 | |a Buenos Aires : |b Kapelusz, |c 2003 | ||
| 300 | |a 344 p. | ||
| 490 | 0 | |a Espacios y Sociedades. Geografía | |
| 505 | 0 | |a América: los medio naturales y los hombres -- Los desastres naturales en América -- Población y asentamiento una geografía de contrastes -- América, constrastes económicos y estrategias de producción | |
| 653 | |a Geografía | ||
| 653 | |a Geografía de américa | ||
| 700 | 1 | |a Lara, Albina L. | |
| 700 | 1 | |a Sassone, Susana María | |
| 859 | |a CEMS |b BIB. CEMS - 11 de abril |h Z918 |i D135-1 |p 22329.04 |t Ej.1 | ||
| 859 | |a CEMS |b BIB. CEMS - 11 de abril |h Z918 |i D135-1 |p 22402.04 |t Ej.2 | ||
